|
|
|
|
| LEADER |
00986nam a2200205 i 4500 |
| 003 |
GR-PaULI |
| 005 |
20220118091852.0 |
| 008 |
210118s1994 grea || 00| 0 gre d |
| 952 |
|
|
|0 0
|1 0
|2 ddc
|4 0
|6 616_995000000000000_ΕΛΛ
|7 0
|9 354526
|a LISP
|b LISP
|c DON
|d 2022-01-18
|e ΠΑΤ
|i 254735
|l 0
|o 616.995 ΕΛΛ
|p 025000289536
|r 2022-01-18 00:00:00
|t 1
|w 2022-01-18
|y BKN
|
| 999 |
|
|
|c 207827
|d 207827
|
| 040 |
|
|
|a GR-PaULI
|b gre
|c GR-PaULI
|e AACR2
|
| 082 |
0 |
4 |
|2 23
|a 616.995
|
| 110 |
2 |
|
|9 189416
|a Ελληνικής Ένωσης Κατά της Φυματίωσης και των Νόσων του Αναπνευστικού Συστήματος
|
| 245 |
0 |
0 |
|a Ήταν τότε το "χτικιό" /
|c ΕΕΚΦΝΑΣ.
|
| 260 |
|
|
|a Αθήνα :
|b [χ.ό.],
|c 1994.
|
| 300 |
|
|
|a [100] σ. ;
|c 30 εκ.
|
| 610 |
2 |
4 |
|9 189417
|a Γενικό Νοσοκομείο Νοσημάτων Θώρακος Αθηνών "Η Σωτηρία"
|
| 650 |
|
4 |
|9 43685
|a Φυματίωση
|
| 942 |
|
|
|2 ddc
|c BKN
|
| 998 |
|
|
|c ΜΠΟΥΡΑΣ
|d 2022-01
|